UK Commercial Property Monitor (Record no. 121778)

MARC details
000 -LEADER
fixed length control field 01391nam a22001937a 4500
008 - FIXED-LENGTH DATA ELEMENTS--GENERAL INFORMATION
fixed length control field 240126s2024 xxk|||||o|||| 00| 0 eng d
041 ## - LANGUAGE CODE
Language code of text/sound track or separate title eng
110 ## - MAIN ENTRY--CORPORATE NAME
Corporate author Royal Institution of Chartered Surveyors
245 ## - TITLE STATEMENT
Title UK Commercial Property Monitor
Subtitle Q4 2023
Medium [Electronic resource]
260 ## - PUBLICATION INFORMATION
Place of publication London,
Publisher Royal Institution of Chartered Surveyors,
Date January 2024
490 ## - SERIES TITLE
Series statement RICS UK Commercial Property Monitor
Volume Q4 2023
520 ## - ABSTRACT
Abstract RICS Q4 UK Commercial Property Monitor<br/>While mixed, the largest proportion of respondents in Q4 (33%) now believe that the market has bottomed out, seemingly aiding a slightly more positive long-term outlook. While most of the market remains sluggish and lacking momentum, there are clear incremental improvements. Occupier demand remained negative overall (-7%), although less so than previously (-12% Q3), and although both the office and retail sectors remain relatively weak, sentiment has improved from Q3. Industrial demand remains positive although less so from previous highs.
650 ## - KEYWORDS
Keywords COMMERCIAL PROPERTY
651 ## - SUBJECT ADDED ENTRY--GEOGRAPHIC NAME
Geographic name United Kingdom
690 ## - BROAD SUBJECT
9 (RLIN) 6227
Broad subject Commercial property
710 ## - ADDED CORPORATE NAME
Added corporate author Royal Institution of Chartered Surveyors
856 ## - ONLINE RESOURCE
Uniform Resource Identifier <a href="https://www.rics.org/content/dam/ricsglobal/documents/market-surveys/global-commercial-property-monitors/q4-2023-rics-uk-commercial-propety-monitor.pdf">https://www.rics.org/content/dam/ricsglobal/documents/market-surveys/global-commercial-property-monitors/q4-2023-rics-uk-commercial-propety-monitor.pdf</a>
Public note Available free on RICS.org
942 ## - ADDED ENTRY ELEMENTS (KOHA)
Suppress in OPAC Do not suppress in OPAC
Holdings
Lost status Damaged status Not for loan Current library Shelving location Date acquired Total Checkouts Full call number Date last seen Price effective from Koha item type
      Virtual   26/01/2024   PROPERTY MARKET DATA 26/01/2024 26/01/2024 Online material